| 000 | 00544nam a22002051a 4500 | ||
|---|---|---|---|
| 001 | 17794 | ||
| 003 | BD-RjUL | ||
| 005 | 20211209000208.0 | ||
| 008 | 140219s1948 enk 001 0 eng d | ||
| 035 | _a(BD-RjUL)17852 | ||
| 040 |
_aANL _beng _cANL _dBD-RjUL |
||
| 041 | _aeng | ||
| 082 |
_a796.35809 _bHAC 1948 |
||
| 100 | 1 |
_aHammond, Walter R. _954905 |
|
| 245 | 1 | 0 |
_aCricketers' school / _c Walter Hammond, |
| 260 |
_aLondon : _bStanley Paul, _c1948 |
||
| 300 |
_billus. ; _a231 p. : _c21 cm. |
||
| 650 | 0 |
_aCricket. _954906 |
|
| 942 |
_2ddc _cBK |
||
| 999 |
_c17794 _d17794 |
||